000 01274nam a2200349 4500
001 98
003 OSt
005 20250528074011.0
008 250124b |||||||e |||| 00| 1 eng d
020 _a9788501012845
040 _bpor
041 _hfre
_apor
082 _a843
_bC211q
100 1 _aCamus, Albert,
_d1913-1960
_9215
240 _aLa chute
245 _aA queda /
_cCamus, Albert ; Tradução de Valerie Rumjanek
250 _a15° edição
260 _aRio de Janeiro
_bRecord
_c2008
300 _a114 p.
520 _aA queda narra a história de um advogado francês que num bar de marinheiros em Amsterdam, faz seu exame de consciência a um desconhecido. Após presenciar o suicídio de uma mulher nas águas do Sena, se isola completamente do mundo.O narrador, autodenominado "juiz-penitente", faz uma grande denúncia da própria natureza humana misturada a um penoso processo de autocrítica.
650 0 _aLiteratura francesa
_9122
650 0 _aFilosofia
_94
650 0 _aAbsurdismo
_9661
650 0 _aExistencialismo
_9217
650 0 _aAuto Conhecimento
_919
650 0 _aDrama
_918
650 0 _aClássicos
_977
655 0 _aRomance
_923
655 0 _aFicção
_922
700 _aValerie Rumjanek
_eTradutor
_9216
942 _2ddc
_n0
_cBK
999 _c98
_d98